000 00359nam a2200157Ia 4500
003 0STCL
008 150530s9999 xx 000 0 und d
040 _aSTCL
_cSTCL
100 _aStephen, L.
245 _aStudies of a biographer vol-II
260 _bDuckworth
_c1910
546 _aEnglish
942 _2ddc
_cBK
999 _c51678
_d51678
005 20220125170845.0